Statistics for Video Games Characters By Picture

Click here to take the quiz!

General Stats

  • This quiz has been taken 722 times
  • The average score is 11 of 12

Answer Stats

Answer% Correct
Mario
100%
Pac-Man
99%
Sonic The Hedgehog
99%
Luigi
98%
Pikachu
98%
Bowser
95%
Steve
94%
Yoshi
94%
Wario
93%
Link
91%
Kirby
90%
Alex
77%

Score Distribution

Percentile by Number Answered

Percent of People with Each Score

Your Score History

You have not taken this quiz